|
|
|
|
| LEADER |
02203nam a2200553 i 4500 |
| 001 |
nkc20162780736 |
| 003 |
CZ PrNK |
| 005 |
20170213144604.0 |
| 007 |
ta |
| 008 |
160229s2016 xr a f 001 0 cze |
| 015 |
|
|
|a cnb002780736
|
| 020 |
|
|
|a 978-80-248-3898-4
|q (brožováno)
|
| 035 |
|
|
|a (OCoLC)972631293
|
| 040 |
|
|
|a BOA001
|b cze
|e rda
|
| 041 |
0 |
|
|a cze
|b eng
|
| 072 |
|
7 |
|a 519.1/.8
|x Kombinatorika. Teorie grafů. Matematická statistika. Operační výzkum. Matematické modelování
|2 Konspekt
|9 13
|
| 080 |
|
|
|a 004.42MATLAB
|2 MRF
|
| 080 |
|
|
|a 336.7:005.342
|2 MRF
|
| 080 |
|
|
|a 336.7:519.86
|2 MRF
|
| 080 |
|
|
|a 519.673
|2 MRF
|
| 080 |
|
|
|a (048.8)
|2 MRF
|
| 100 |
1 |
|
|a Kresta, Aleš,
|d 1984-
|7 mzk2015867853
|4 aut
|
| 245 |
1 |
0 |
|a Kvantitativní metody investování s aplikacemi v prostředí Matlab /
|c Aleš Kresta
|
| 250 |
|
|
|a 1. vydání
|
| 264 |
|
1 |
|a Ostrava :
|b Vysoká škola báňská - Technická univerzita Ostrava, Ekonomická fakulta,
|c 2016
|
| 300 |
|
|
|a xiv, 203 stran :
|b ilustrace (převážně barevné) ;
|c 24 cm
|
| 336 |
|
|
|a text
|b txt
|2 rdacontent
|
| 337 |
|
|
|a bez média
|b n
|2 rdamedia
|
| 338 |
|
|
|a svazek
|b nc
|2 rdacarrier
|
| 490 |
1 |
|
|a Series on advanced economic issues, Faculty of Economics, VŠB-TU Ostrava ;
|v 2016, vol. 43
|
| 500 |
|
|
|a 300 výtisků
|
| 504 |
|
|
|a Obsahuje bibliografii, bibliografické odkazy a rejstřík
|
| 546 |
|
|
|a Anglické resumé
|
| 650 |
0 |
7 |
|a MATLAB (software)
|7 ph117047
|2 czenas
|
| 650 |
0 |
7 |
|a finanční inženýrství
|7 ph270772
|2 czenas
|
| 650 |
0 |
7 |
|a teorie portfolia
|7 ph180952
|2 czenas
|
| 650 |
0 |
7 |
|a matematické modelování
|7 ph115240
|2 czenas
|
| 650 |
0 |
9 |
|a MATLAB
|2 eczenas
|
| 650 |
0 |
9 |
|a financial engineering
|2 eczenas
|
| 650 |
0 |
9 |
|a portfolio theory
|2 eczenas
|
| 650 |
0 |
9 |
|a mathematical modeling
|2 eczenas
|
| 655 |
|
7 |
|a monografie
|7 fd132842
|2 czenas
|
| 655 |
|
9 |
|a monographs
|2 eczenas
|
| 810 |
2 |
|
|a Vysoká škola báňská - Technická univerzita Ostrava.
|b Ekonomická fakulta.
|t Series on advanced economic issues
|0 s
|
| 910 |
2 |
|
|a BOA001
|b 2-1378.517
|
| 990 |
|
|
|a BK
|
| 995 |
|
|
|a 01
|
| 991 |
|
|
|b 201701
|c NOV
|
| 996 |
6 |
|
|b 2610692717
|c 2-1378.517
|l MZK
|r Sklad / do 1 hodiny
|n 2
|p p.v.
|w 001594627
|u 000010
|a 1
|e BOA001
|j MZK50
|s P
|